000 00783nam a2200229 4500
003 OSt
005 20240726074827.0
006 a
008 240726b |||||||| |||| 00| 0 eng d
020 _a9780137034543
040 _aDWCL-Main lib.
_cOC
082 _2Fifth edition
_aCirc. 371.144 H847 2011
110 _aDorothy M. Campbell
245 _aHow to develop a professional portfolio : a manual for teachers /
250 _aFifth edition
260 _aBoston :
_bParson Education, Inc.,
_cc2011.
300 _ax,
_b101 p. ;
_c24 cm.
650 _a1. Teachers-Rating of-Handbooks, Manuals, etc.
650 _a2. Portfolios in education-Handbooks manuals, etc.
650 _a3. Teachers-Employment-Handbooks manuals, etc,.
942 _2ddc
_n0
_cBK-CIRC
_eFifth edition
_kCirc.
999 _c2827
_d2827